00802nam a2200217 i 450000100060000000300090000600500170001500700030003200800390003502000180007408000250009210000410011724501120015826000400027030000290031065000390033971000450037885200220042399900170044595201220046212744ES-MaACL20230906150403.0t|960924s1992 sp ||||0| spa a84-606-0702-X a627.82(460.825)(091)1 aDíaz-Marta Pinilla, Manuel.94434010aCuatro obras hidráulicas antiguas entre la mesa de Ocaña y la vega de Aranjuez / cManuel Díaz-Marta. aToledo : bCaja de Ahorro, c[1992] a72 p. : bil. ; c22 cm.14aPresas-zToledo (Provincia)9163792 aCaja de Ahorro Provincial (Toledo)92279 aES-MaACLjL-20093 c12744d12744 00104070aATENEOMbATENEOMcDEPO2d2008-01-17eSCl0oL-20093p1012981r2023-02-23 00:00:00w2023-02-23yMONOGRAFIA